| Tag |
First Indicator |
Second Indicator |
Subfields |
| LEADER |
00000cam a22000004a 4500 |
| 001 |
in00002865639 |
| 005 |
20151202172948.0 |
| 008 |
120702s2013 inua b s001 0 eng |
| 010 |
|
|
|a 2012022626
|
| 016 |
7 |
|
|a 016117199
|2 Uk
|
| 020 |
|
|
|a 9780253006189 (cloth : alk. paper)
|
| 020 |
|
|
|a 025300618X (cloth : alk. paper)
|
| 020 |
|
|
|a 9780253006202 (pbk. : alk. paper)
|
| 020 |
|
|
|a 0253006201 (pbk. : alk. paper)
|
| 020 |
|
|
|a 9780253006226 (electronic book)
|
| 020 |
|
|
|a 0253006228 (electronic book)
|
| 029 |
1 |
|
|a AU@
|b 000049607865
|
| 035 |
|
|
|a (OCoLC)ocn752072613
|
| 035 |
|
|
|a (OCoLC)752072613
|
| 040 |
|
|
|a DLC
|b eng
|c DLC
|d BTCTA
|d UKMGB
|d OCLCO
|d ERASA
|d YDXCP
|d CDX
|d IUL
|d BWX
|d PUL
|d STF
|d COO
|d UtOrBLW
|
| 042 |
|
|
|a pcc
|
| 049 |
|
|
|a TXAM
|
| 050 |
0 |
0 |
|a BH301.I52
|b S37 2013
|
| 082 |
0 |
0 |
|a 111/.85
|2 23
|
| 100 |
1 |
|
|a Schmidt, Dennis J.
|
| 245 |
1 |
0 |
|a Between word and image :
|b Heidegger, Klee, and Gadamer on gesture and genesis /
|c Dennis J. Schmidt.
|
| 264 |
|
1 |
|a Bloomington :
|b Indiana University Press,
|c [2013]
|
| 264 |
|
4 |
|c ©2013
|
| 300 |
|
|
|a x, 187 pages :
|b illustrations ;
|c 23 cm.
|
| 336 |
|
|
|a text
|b txt
|2 rdacontent
|
| 337 |
|
|
|a unmediated
|b n
|2 rdamedia
|
| 338 |
|
|
|a volume
|b nc
|2 rdacarrier
|
| 490 |
1 |
|
|a Studies in Continental thought
|
| 504 |
|
|
|a Includes bibliographical references (pages [151]-179) and index.
|
| 505 |
0 |
|
|a Introduction: the genesis of the question -- Unfolding the question: an excentric history -- Heidegger and Klee: an attempt at a new beginning -- On word, image, and gesture: another attempt at a beginning -- Afterword: the question of genesis for now.
|
| 650 |
|
0 |
|a Image (Philosophy)
|
| 650 |
|
0 |
|a Aesthetics.
|
| 650 |
|
0 |
|a Thought and thinking.
|
| 600 |
1 |
0 |
|a Heidegger, Martin,
|d 1889-1976.
|
| 600 |
1 |
0 |
|a Klee, Paul,
|d 1879-1940.
|
| 830 |
|
0 |
|a Studies in Continental thought.
|
| 938 |
|
|
|a Baker and Taylor
|b BTCP
|n BK0010156671
|
| 938 |
|
|
|a Erasmus Boekhandel
|b ERAA
|n NTS0000143071
|
| 938 |
|
|
|a Coutts Information Services
|b COUT
|n 19685773
|
| 938 |
|
|
|a Blackwell Book Service
|b BBUS
|n 7641738
|
| 938 |
|
|
|a YBP Library Services
|b YANK
|n 7641738
|
| 947 |
|
|
|a A14835917776
|
| 945 |
|
|
|a PromptCat
|b 177040
|
| 946 |
|
|
|a stk
|
| 994 |
|
|
|a 92
|b TXA
|
| 948 |
|
|
|a Cataloged
|b h
|c 2013/1/23
|d c
|e EGrant
|
| 999 |
|
|
|a MARS
|
| 999 |
f |
f |
|s 1334fcfd-4ba4-3a10-9091-446dedc5ad8b
|i 7ed9d831-0485-3f8e-aa73-bc804d26bfa7
|t 0
|
| 952 |
f |
f |
|p normal
|a Texas A&M University
|b College Station
|c Sterling C. Evans Library
|d Evans: Library Stacks
|t 0
|e BH301.I52 S37 2013
|h Library of Congress classification
|i unmediated -- volume
|m A14835917776
|
| 998 |
f |
f |
|a BH301.I52 S37 2013
|t 0
|l Evans: Library Stacks
|